000 00688nam a2200289Ia 4500
005 20260324131028.0
008 008 260324s9999 xx 000 0 eng d
020 _a9780203969045
037 _aEBOOK
040 _aCRL
040 _beng
040 _cCRL
041 _2eng
041 _aeng
084 _qCRL
100 _aTimothy D. Hoyt
_91183520
245 0 _aMilitary Industry and Regional Defense Policy
245 0 _bIndia, Iraq and Israel
260 _bTaylor and Francis
260 _c2006
365 _a
365 _b240
856 _uhttp://www.taylorfrancis.com/books/9780203969045
942 _cEBOOK
999 _c1780752
_d1780752